00766cam a2200181 a 450000100100000000500170001000800410002704000250006808200150009324500390010826000830014730000240023050000320025471000530028695201120033995201180045199900150056900000729420200929154125.0831208m1988 ncua d 001 0ceng d aDO-SdBNPbspacBNPHU axxxxbxxxx00aWorld biographical hall of fame /. aRaleigh, North Carolina, U.S.A. :bHistorical Preservations of America,c1988. av. :bil. ;c27 cm. aLa biblioteca posee el v. 22 aHistorical Preservations of America, Inc.920256 001050718MOaGRbGRcHDd2009-09-07iLF1l0oxxxx xxxxp7294-10r2020-06-25w2020-06-25y1ZNo se presta 001150718MOaGRbGRcMId2017-04-19iLF1l0oxxxx xxxxp7294-20r2020-06-25te. 2w2020-06-25y1ZNo se presta c7075d7075